JR東日本発車メロディクイズ - Statistics

General Stats
  • This quiz has been taken 415 times
  • The average score is 11 of 15
Answer Stats
Question Answer % Correct
発車メロディ即切りの地と呼ばれ、かつてはメロディ自体が長いことからフル難易度がトップクラスに高かった東京都の駅といえば? 越中島駅
97%
最初にIKSTメロディが導入された駅は? 横浜駅
92%
首都圏1番は何の路線のメロディ? 京浜東北・根岸線
91%
次のうち、エンドレスverの曲がないのはどれ? Cielo Estrellado
90%
IKST登場で最初に消滅した、東京駅限定で使われていた発車メロディといえば? ドリームパーク
86%
IKST登場前、発車メロディの中で1番採用駅が多かったメロディは? Water Crown
86%
次の駅のうち、2026年1月時点でご当地メロディが使用されていない駅はどれ? 熱海駅
85%
別名で「御茶ノ水サルサ」とも呼ばれ、汎用メロディでありながらも御茶ノ水駅のみでしか採用されなかったメロディはどれ? JR-SH9-3
80%
次のうち、新宿駅で使用されていなかったテイチクメロディはどれ? スプリングボックス
76%
次の路線のうち、2026年1月時点でご当地メロディが導入されている駅や発車メロディ・ベルがない駅、電子電鈴使用駅を除いて全駅IKSTを達成していない路線はどれ? 武蔵野線
72%
次のうち、テイチク製メロディではないメロディはどれ? 窓の花飾り
67%
IKST026はどの路線の汎用メロディ? 信越本線
55%
IKST登場後にメロディが旧汎用メロディに変更された駅として間違っている駅は? 大原駅
50%
次の総武線各駅停車の駅のうち、発車メロディがVerde Rayo・Gota del Vientの組み合わせではなかった駅はどれ? 西千葉駅
41%
JR東日本で最初に発車メロディが導入されたのは次のうちどこ? 仙台駅
27%
No matching quizzes found
Score Distribution
Percent of People with Each Score
Percentile by Number Answered
Your Score History
You have not taken this quiz